• 首页
  • 本馆介绍
  • 公告通知
  • 最新文献
  • 馆藏检索
  • 电子资源
  • 读者导购
  • 参考咨询
  • 我的图书馆
  • 登录
  • 详细信息显示
  • 放入我的书架
  • 预约/预借图书
  • 作者相关作品
  • 分类相关作品
  • 丛书相关作品
  • 出版社相关作品

书目信息

  • 表格格式
  • 工作单格式
  • 卡片格式
题名:
忧郁园舞曲总谱
    
 
作者: 西贝柳斯 曲
分册:  
出版信息:   光华出版社  
页数: 10页
开本: 40cm
丛书名:
单 册:
中图分类: J655.4
科图分类:
主题词: 外国音乐--作品 , 音乐--各国--作品
电子资源:
ISBN:
000 00497nam0 2200181 450
001 0632807328
005 20060820090832.43
100    @a20060820d km y0chiy0120 ea
101 0  @achi
200 1  @a忧郁园舞曲总谱@Ayou yu yuan wu qu zong pu@f西贝柳斯曲@Fxi bei liu si qu
210    @c光华出版社
215    @a10页@d40cm
606 0  @a外国音乐@x作品
606 0  @a音乐@y各国@x作品
690    @aJ655.4@v3
701  0 @a西贝柳斯@Axi bei liu si@4曲
801  0 @aCN@bPFT@c20060820
905    @a10447@dJ655.4@e337
    
    忧郁园舞曲总谱/西贝柳斯曲.-光华出版社
    10页;40cm
    
    
    ISBN :
    
●
相关链接 在E读中查询图书 在五车中查询图书 在当当中查询图书 在豆瓣中查询图书


正题名:忧郁园舞曲总谱     索取号:J655.4/337         预约/预借

序号 登录号 条形码 馆藏地/架位号 状态 备注
1 0467099   204670999   密集书库/ [索取号:J655.4/337] 在馆    
2 0467100   204671006   密集书库/ [索取号:J655.4/337] 在馆    
唐山师范学院图书馆 欢迎您!
大连网信软件有限公司© 版权所有